Statistiques concernant Chansons de Jean-Jacques Goldman pour les autres

Cliquez ici pour prendre le quiz!

Statistiques générales

  • Ce quiz a été pris 36 fois
  • Le résultat moyen est 9 sur 31

Statistiques - réponses

RéponseHint% Correct
Céline DionPour que tu m'aimes encore
88%
KhaledAïcha
76%
Gérald de PalmasJ'en rêve encore
70%
Johnny HallydayL'envie
61%
J'irai où tu iras
52%
Encore un soir
48%
S'il suffisait d'aimer
48%
Patricia KaasIl me dit que je suis belle
42%
Laura
39%
Je te promets
36%
Christophe WillemAprès toi
33%
Je sais pas
30%
On ne change pas
30%
Destin
27%
Le ballet
27%
Prière païenne
27%
Émission de télévisionTaratata
27%
CalogeroC'est dit
18%
En attendant ses pas
18%
Les derniers seront les premiers
18%
Regarde-moi
18%
La mémoire d'Abraham
15%
Zora sourit
15%
Dans un autre monde
12%
GrégoireLa promesse
12%
Florent PagnySi tu veux m'essayer
12%
Je t'attends
9%
J'oublierai ton nom
6%
Les gens qu'on aime
6%
Peut-être que peut-être
6%
Patrick FioriJe sais où aller
3%

Distribution des résultats

Percentile par nombre de réponses

% des personnes avec chaque résultat

Votre développement - résultats

Vous n’avez pas pris ce quiz